Historia de la exploración submarina.
Zapisane w:
| 1. autor: | |
|---|---|
| Format: | Książka |
| Język: | hiszpański |
| Wydane: |
Valparaíso, Chile:
Ediciones Universitarias de Valparaíso,
2007.
|
| Hasła przedmiotowe: | |
| Etykiety: |
Dodaj etykietę
Nie ma etykietki, Dołącz pierwszą etykiete!
|
MARC
| LEADER | 00000cam a2200000 a 4500 | ||
|---|---|---|---|
| 001 | UCI8835 | ||
| 003 | CL-VaPUC | ||
| 005 | 20221109110455.0 | ||
| 008 | 081009e20070000CL |||||||||||||||||spa|d | ||
| 999 | |c 331601 |d 331599 | ||
| 020 | |a 9789561704008 | ||
| 040 | |c Pontificia Universidad Católica de Valparaíso | ||
| 082 | 0 | 4 | |a 551.4607 MOR 2007 |2 21 |
| 100 | |a Morales Gamboa, Esteban |e autor |9 830928 | ||
| 245 | 1 | 0 | |a Historia de la exploración submarina. |
| 260 | |a Valparaíso, Chile: |b Ediciones Universitarias de Valparaíso, |c 2007. | ||
| 300 | |a 178 páginas. | ||
| 500 | |a c.8 Donación (julio 2022) | ||
| 583 | |a last modification |c 20160928 09:58:03 |k Rodrigo Vera | ||
| 650 | 7 | |a Exploración submarina |2 CL-VaPUC |9 532465 |x Historia | |
| 650 | 0 | |a Investigación científica |9 259857 | |
| 942 | |c BK |2 ddc | ||
| 945 | |d 20081009 00:00:00 |a rbrito | ||
| 952 | |0 0 |1 0 |4 0 |6 551_460700000000000_MOR_2007 |7 0 |8 A |9 418374 |a BIBHIS |b BIBHIS |d 2019-11-22 |i 4486242 |o 551.4607 MOR 2007 |p 4486242 |r 2025-01-20 |w 2019-11-22 |y BK |k HIS | ||
| 952 | |0 0 |1 0 |4 0 |6 551_460700000000000_MOR_2007 |7 0 |8 X |9 418375 |a FDOBUD |b FDOBUD |d 2019-11-22 |i 4546504 |o 551.4607 MOR 2007 |p 4546504 |r 2019-11-22 |w 2019-11-22 |y BK_X |k BUD | ||
| 952 | |0 0 |1 0 |4 0 |6 551_460700000000000_MOR_2007 |7 0 |8 CCM |9 418376 |a BIBCUR |b BIBCUR |d 2019-11-22 |i 4618408 |o 551.4607 MOR 2007 |p 4618408 |r 2025-04-22 |w 2019-11-22 |y BK |k CIM | ||
| 952 | |0 0 |1 0 |4 0 |6 551_460700000000000_MOR_2007 |7 0 |8 A |9 418378 |a BIBHIS |b BIBHIS |d 2019-11-22 |i 4783417 |o 551.4607 MOR 2007 |p 4783417 |r 2025-01-20 |w 2019-11-22 |y BK |k HIS | ||
| 952 | |0 0 |1 0 |4 0 |6 551_460700000000000_MOR_2007 |7 0 |8 A |9 418379 |a BIBHIS |b BIBHIS |d 2019-11-22 |i 4783425 |o 551.4607 MOR 2007 |p 4783425 |r 2025-01-20 |w 2019-11-22 |y BK |k HIS | ||
| 952 | |0 0 |1 0 |4 0 |6 551_460700000000000_MOR_2007 |7 0 |8 A |9 418380 |a BIBHIS |b BIBHIS |d 2019-11-22 |i 4783433 |o 551.4607 MOR 2007 |p 4783433 |r 2025-01-20 |w 2019-11-22 |y BK |k HIS | ||
| 952 | |0 0 |1 0 |4 0 |6 551_460700000000000_MOR_2007 |7 0 |8 A |9 418381 |a BIBHIS |b BIBHIS |d 2019-11-22 |i 4783441 |o 551.4607 MOR 2007 |p 4783441 |r 2025-01-20 |w 2019-11-22 |y BK |k HIS | ||
| 952 | |0 0 |1 0 |4 0 |6 551_460700000000000_MOR_2007 |7 0 |8 A |9 418382 |a BIBHIS |b BIBHIS |d 2019-11-22 |i 478345K |o 551.4607 MOR 2007 |p 478345K |r 2025-01-20 |w 2019-11-22 |y BK |k HIS | ||
| 952 | |0 0 |1 0 |3 erb |4 0 |6 551_460700000000000_MOR_2007 |7 0 |8 A |9 418383 |a FDOHBE |b FDOHBE |e Huesbe Llanos, Marco Antonio, 1934- |i 5331846 |o 551.4607 MOR 2007 |p 5331846 |r 2024-01-30 |w 2019-11-22 |y BK |z Catalogado en:20160701 |k HBE | ||
| 952 | |0 0 |1 0 |2 ddc |4 0 |6 551_460700000000000_MOR_2007 |7 0 |8 CCM |9 587618 |a BIBCUR |b BIBCUR |c GEN |d 2022-11-09 |e Donación |i 5655498 |o 551.4607 MOR 2007 |p 5655498 |r 2025-04-22 |t 8 |w 2022-11-09 |y BK |k CIM | ||